Statistiques concernant Quiz n°2

Cliquez ici pour prendre le quiz!

Statistiques générales

  • Ce quiz a été pris 5 fois
    (2 depuis la dernière actualisation)
  • Le résultat moyen est 9 sur 20

Statistiques - réponses

Hint Answer % Correct
19Quel animal est Chopper ? Renne
100%
6Combien y'a t il de membres au conseil de doyens ?5
100%
7Quel animal Morge le dresseur de fauves à t-il comme compagnon ?Lion
100%
10Quel substance peut aspirer et absorber Reiju, la soeur de Sanji ?Poison
100%
2Comment s'appelle le chef des Révolutionnaires ?Dragon
100%
12Quelle famille dirige le royaume d'Alabasta ?Nefertari
100%
20Qui est le capitaine de l'équipage des Magnifiques pirates ?Cavendish
50%
3Qui est le commandant de la 2ème flotte de Don Krieg ?Pearl
50%
18Quel est la mer qui entoure Grand Line habités par les Rois des Mers ?Calm Belt
50%
8Quel type d'arme utilise Smoker ?Jitte
50%
9Qui est le navigateur de l'équipage du Heart ?Bepo
50%
13A quelle race de chat font référence les frères Sham et Buchi ?Siamois
50%
16Sur quelle île s'entraîna Luffy avec Rayleigh pendant l'ellipse ? Ruskaina
0%
17Quel champignon causa la mort du docteur Hiluluk ? Amiudake
0%
1Qui est le créateur de l'or Pur ( épisode spécial Heart of Gold ) ?Myskina Acier
0%
15Quel est le nom de la première arme météorologique de Nami ?Clima Tact
0%
14Comment s'appelle le navire de Montbland Norland ?Northeim
0%
5Sur quel île est née Monkey D Luffy ?Dawn
0%
4Quel est le nom de l'épée -canne de Brook ? Soul Solid
0%
11Qui est le naivgateur de l'équipage du New Age ?Mule
0%

Distribution des résultats

Percentile par nombre de réponses

% des personnes avec chaque résultat

Votre développement - résultats

Vous n’avez pas pris ce quiz depuis la dernière actualisation